01676nam a22004337a 4500003000400000005001700004008004100021040002200062082001500084110002500099245003700124260005000161300001800211366000800229490001300237505001400250505001900264505003000283505003400313505001000347505004500357505001800402505017300420505002600593505001500619505001800634650004600652650004900698650005200747650004800799650004800847650004700895650004300942650004500985651004501030942002601075999001501101952012601116OSt20230524085546.0221006b |||||||| |||| 00| 0 eng d cBiblioteca Lado V a700bA786l 9830aARTEDEReEditor aLAPIZ/bRevista Mensual de Arte/ bFeria internacional de Bilbaoc1997aEspaña c22x29cma98p. espa a132vXVI aEditorial aLa Performance aEntrevista con Axel Hutte aEntrevista con Jordi Teixidor aOrlan aRetrospectiva de Edward y Nancy Kienholz aAlicia Martin aCronicas de exposicionesgSylvie Fleury Thomas Ruff Susy Gomez Jose Hernandez-Diez Jose Maria Garcia Parody Alvaron Negro Rafael Navarro Toni Socias Rui Chafes  aCuba: La isla posible aActualidad aPublicaciones 2Tesauro de Arte & ArquitecturaaARTE9703 2Tesauro de Arte & ArquitecturaaARQUITECTURA 2Tesauro de Arte & ArquitecturaaFOTOGRAFIA9702 2Tesauro de Arte & ArquitecturaaENTREVISTAS 2Tesauro de Arte & ArquitecturaaARQUEOLOGIA 2Tesauro de Arte & ArquitecturaaREPORTAJES 2Tesauro de Arte & ArquitecturaaLIBROS 2Tesauro de Arte & ArquitecturaaNOTICIAS 2Tesauro de Arte & ArquitecturaaSUBASTAS 2ddcc1h700iA786ln0 c3680d3680 00102ddc3XVI40708RevistasaLVbLVd2023-05-24h132i002762l0o700 A786lp002762r2023-05-24 00:00:00w2023-05-24y1